[Event "GRE-chT 52nd"]
[Site "Loutraki"]
[Date "2025.07.02"]
[Round "5.51"]
[White "Alexakis, Dimitris"]
[Black "Ioannidis, Evgenios"]
[Result "1/2-1/2"]
[WhiteElo "2537"]
[BlackElo "2490"]
[PlyCount "137"]
[EventDate "2025.06.28"]
[EventType "team-swiss"]
[EventRounds "7"]
[EventCountry "GRE"]
[SourceTitle "CB28_2025"]
[SourceDate "2025.07.09"]
[SourceVersion "1"]
[SourceVersionDate "2025.07.09"]
[SourceQuality "1"]
[WhiteTeam "Piraikos OS"]
[BlackTeam "Αmo Galaxias"]
[WhiteTeamCountry "GRE"]
[BlackTeamCountry "GRE"]

1. e4 e5 2. Nf3 Nc6 3. Bb5 a6 4. Ba4 Nf6 5. 0-0 b5 6. Bb3 Bc5 7. c3 d6 8. d4 Bb6 9. Be3 0-0 10. Nbd2 h6 11. h3 exd4 12. cxd4 Re8 13. Re1 Na5 14. Bc2 Bb7 15. d5 c6 16. b4 Nc4 17. Nxc4 bxc4 18. dxc6 Bxc6 19. Bxb6 Qxb6 20. Qxd6 Rad8 21. Qf4 Qxb4 22. e5 Bxf3 23. Qxf3 Nd7 24. Qe4 g6 25. Rad1 Nc5 26. Qh4 Rxd1 27. Rxd1 Qc3 28. Bxg6 fxg6 29. Qxh6 Ne6 30. Qxg6+ Ng7 31. e6 Kh8 32. Qh6+ Kg8 33. Qg6 Kh8 34. Qh6+ Kg8 35. Rd7 Rf8 36. e7 Qe1+ 37. Kh2 Re8 38. Qxa6 c3 39. Qc4+ Qe6 40. Rc7 Qxc4 41. Rxc4 Rxe7 42. Rc8+ Kh7 43. Rxc3 Re2 44. Rf3 Rxa2 45. g4 Ne6 46. h4 Kg7 47. Kg2 Ra4 48. Kg3 Ra1 49. g5 Rg1+ 50. Kh3 Rh1+ 51. Kg4 Rg1+ 52. Rg3 Rf1 53. Rg2 Ra1 54. h5 Ra4+ 55. Kf5 Nd4+ 56. Ke4 Ne6+ 57. Ke5 Nf4 58. Rh2 Nd3+ 59. Ke6 Ra6+ 60. Ke7 Ra7+ 61. Ke6 Ra6+ 62. Kf5 Ra5+ 63. Kg4 Ne5+ 64. Kg3 Nf7 65. f4 Nxg5 66. h6+ Kh7 67. fxg5 Rxg5+ 68. Kf4 Ra5 69. Ke4 1/2-1/2

[Event "EU-ch 25th"]
[Site "Eforie Nord"]
[Date "2025.03.22"]
[Round "7"]
[White "Ioannidis, Evgenios"]
[Black "Abasov, Nijat Azad"]
[Result "0-1"]
[WhiteElo "2484"]
[BlackElo "2612"]
[PlyCount "120"]
[EventDate "2025.03.15"]
[EventType "swiss"]
[EventRounds "11"]
[EventCountry "ROU"]
[SourceTitle "CB13_2025"]
[SourceDate "2025.03.26"]
[SourceVersion "1"]
[SourceVersionDate "2025.03.26"]
[SourceQuality "1"]

1. d4 Nf6 2. c4 g6 3. g3 Bg7 4. Bg2 0-0 5. Nc3 d6 6. Nf3 c5 7. 0-0 Nc6 8. dxc5 dxc5 9. Be3 Qa5 10. Qb3 Qb4 11. Qxb4 cxb4 12. Nd5 Ne4 13. Ng5 Nd6 14. Bc5 Nxc4 15. Nxe7+ Nxe7 16. Bxe7 Re8 17. Bxb4 h6 18. Ne4 Bf5 19. Nd6 Nxd6 20. Bxd6 Rxe2 21. Bxb7 Rd8 22. Ba3 Bxb2 23. Ba6 Red2 24. Bxb2 Rxb2 25. Bc4 Rd4 26. Bb3 Rdd2 27. Rad1 Rxd1 28. Rxd1 Bh3 29. Bd5 Kg7 30. f4 a5 31. Rd4 Kf6 32. Ra4 Rb5 33. Bb3 Bd7 34. Rd4 Be6 35. Rd6 Kf5 36. Bxe6+ fxe6 37. Ra6 Rb1+ 38. Kf2 Rb2+ 39. Kf3 Rxa2 40. g4+ Kf6 41. h3 Ra3+ 42. Kg2 Ra2+ 43. Kf3 Ra3+ 44. Kg2 h5 45. Ra8 h4 46. Ra6 a4 47. Kf2 Rxh3 48. f5 gxf5 49. Rxa4 fxg4 50. Rxg4 Kf5 51. Ra4 e5 52. Kg2 Rg3+ 53. Kf2 e4 54. Ra8 Rf3+ 55. Ke2 h3 56. Rf8+ Kg4 57. Rg8+ Kf4 58. Rf8+ Kg3 59. Rg8+ Kh2 60. Rg4 Rg3 0-1

[Event "Prague op"]
[Site "Prague"]
[Date "2025.03.04"]
[Round "6"]
[White "Ioannidis, Evgenios"]
[Black "Pechac, Jergus"]
[Result "1/2-1/2"]
[WhiteElo "2484"]
[BlackElo "2603"]
[PlyCount "98"]
[EventDate "2025.02.27"]
[EventType "swiss"]
[EventRounds "9"]
[EventCountry "CZE"]
[SourceTitle "CB11_2025"]
[SourceDate "2025.03.12"]
[SourceVersion "1"]
[SourceVersionDate "2025.03.12"]
[SourceQuality "1"]

1. d4 Nf6 2. c4 e6 3. Nf3 d5 4. Nc3 c5 5. cxd5 cxd4 6. Qxd4 exd5 7. e4 dxe4 8. Qxd8+ Kxd8 9. Ng5 Be6 10. Bd2 Bb4 11. g3 Nbd7 12. Nxe6+ fxe6 13. Nxe4 Bxd2+ 14. Nxd2 Rc8 15. Bc4 Ke7 16. Ke2 Ne4 17. Rac1 Ne5 18. Nxe4 Nxc4 19. Rc3 Nd6 20. Rhc1 Rxc3 21. Nxc3 Rc8 22. Kd3 Rc5 23. f4 h5 24. Re1 Kf6 25. b4 Rf5 26. a4 h4 27. Rc1 hxg3 28. hxg3 g5 29. Ne4+ Nxe4 30. Kxe4 gxf4 31. g4 Rd5 32. Rc7 Rd1 33. Rxb7 e5 34. g5+ Kg6 35. Rxa7 Re1+ 36. Kf3 Kxg5 37. Rg7+ Kf5 38. Rf7+ Ke6 39. Rf8 Re3+ 40. Kg4 Rg3+ 41. Kh4 Rb3 42. b5 Kd5 43. Rd8+ Kc4 44. Kg4 f3 45. Rd1 Kc5 46. Kg3 e4 47. Kf4 Rb4 48. Ra1 Kd4 49. Rd1+ Kc5 1/2-1/2

[Event "Sant Boi de Llobregat op 5th"]
[Site "Sant Boi de Llobregat"]
[Date "2024.12.06"]
[Round "8"]
[White "Ioannidis, Evgenios"]
[Black "Bogdanov, Artyom"]
[Result "1/2-1/2"]
[WhiteElo "2497"]
[BlackElo "2309"]
[PlyCount "77"]
[EventDate "2024.11.29"]
[EventType "swiss"]
[EventRounds "10"]
[EventCountry "ESP"]
[SourceTitle "CB50_2024"]
[SourceDate "2024.11.01"]
[SourceVersion "1"]
[SourceVersionDate "2024.11.01"]
[SourceQuality "2"]

1. d4 Nf6 2. c4 e6 3. Nf3 d5 4. Nc3 Bb4 5. Bg5 h6 6. Bxf6 Qxf6 7. Qa4+ Nc6 8. e3 0-0 9. Be2 dxc4 10. 0-0 Bd7 11. Bxc4 Bxc3 12. bxc3 Rfd8 13. Qa3 Qe7 14. Qb2 b6 15. Be2 Be8 16. c4 Na5 17. Rfd1 c5 18. Rd2 cxd4 19. exd4 Rac8 20. Rc1 Bc6 21. Ne5 Bb7 22. f4 Nc6 23. Bf1 Nxe5 24. fxe5 Rc7 25. Rcd1 Rcd7 26. Qb3 Qg5 27. Qc3 Qg4 28. Qe3 Bc6 29. h3 Qg5 30. Qxg5 hxg5 31. Rd3 Be4 32. R3d2 Bc6 33. Rd3 b5 34. R3d2 bxc4 35. Bxc4 Ba4 36. Bb3 Bxb3 37. axb3 Rb8 38. Rd3 Rdb7 39. Ra1 1/2-1/2

[Event "Sant Boi de Llobregat op 5th"]
[Site "Sant Boi de Llobregat"]
[Date "2024.12.05"]
[Round "7"]
[White "Song, Edward"]
[Black "Ioannidis, Evgenios"]
[Result "1/2-1/2"]
[WhiteElo "2362"]
[BlackElo "2497"]
[PlyCount "124"]
[EventDate "2024.11.29"]
[EventType "swiss"]
[EventRounds "10"]
[EventCountry "ESP"]
[SourceTitle "CB50_2024"]
[SourceDate "2024.11.01"]
[SourceVersion "1"]
[SourceVersionDate "2024.11.01"]
[SourceQuality "2"]

1. e4 e5 2. Nf3 Nc6 3. Bc4 Nf6 4. d3 Bc5 5. 0-0 d6 6. c3 h6 7. Re1 0-0 8. Nbd2 Bb6 9. h3 Ne7 10. d4 Nc6 11. a4 a5 12. Bf1 exd4 13. Nc4 Bc5 14. cxd4 Bb4 15. Bd2 d5 16. Bxb4 Nxb4 17. exd5 Nfxd5 18. Nfe5 Bf5 19. Ra3 Nc2 20. Rf3 Bh7 21. Re2 Ncb4 22. Na3 f6 23. Nec4 c6 24. Rg3 Qc7 25. Nb1 Rad8 26. Nc3 Kh8 27. Nxd5 Rxd5 28. Rge3 Qd8 29. Rd2 Bg6 30. Be2 Bf7 31. b3 Qc7 32. Bf3 Rdd8 33. Re1 Nd5 34. g3 Bg8 35. Qc1 Rfe8 36. Rde2 Rxe2 37. Rxe2 Ne7 38. Qc3 Nf5 39. Rd2 Qe7 40. Rd1 Qb4 41. Qxb4 axb4 42. d5 c5 43. Na5 Nd4 44. Bg2 Bxd5 45. Nxb7 Bxb7 46. Bxb7 Rd7 47. Bc6 Rd6 48. Bb7 Rd7 49. Bc6 Rd6 50. Bb7 c4 51. Kg2 c3 52. a5 c2 53. Rc1 Nxb3 54. Rxc2 Nxa5 55. Rc8+ Kh7 56. Be4+ f5 57. Bxf5+ g6 58. Rc7+ Kh8 59. Be4 Rb6 60. Kf3 b3 61. Rc5 Ra6 62. Rb5 Kg7 1/2-1/2

[Event "Sant Boi de Llobregat op 5th"]
[Site "Sant Boi de Llobregat"]
[Date "2024.12.04"]
[Round "6"]
[White "Ioannidis, Evgenios"]
[Black "Van der Hagen, Loek"]
[Result "1-0"]
[WhiteElo "2497"]
[BlackElo "2306"]
[PlyCount "61"]
[EventDate "2024.11.29"]
[EventType "swiss"]
[EventRounds "10"]
[EventCountry "ESP"]
[SourceTitle "CB50_2024"]
[SourceDate "2024.11.01"]
[SourceVersion "1"]
[SourceVersionDate "2024.11.01"]
[SourceQuality "2"]

1. d4 Nf6 2. c4 e6 3. Nf3 d5 4. Nc3 Bb4 5. Qa4+ Nc6 6. e3 0-0 7. Qc2 dxc4 8. Bxc4 Bd6 9. 0-0 e5 10. h3 h6 11. a3 exd4 12. exd4 a6 13. Re1 b5 14. Ba2 Bb7 15. Bd2 Qd7 16. Bxh6 Kh8 17. Bg5 Nh7 18. Rad1 Rae8 19. Bh4 Rxe1+ 20. Rxe1 Re8 21. Rxe8+ Qxe8 22. Bb1 g6 23. Ne4 Be7 24. Bg3 Bd8 25. d5 Nb8 26. Bxc7 Bxc7 27. Qxc7 Bxd5 28. Nd6 Qf8 29. Ne5 Kg8 30. Bxg6 fxg6 31. Nxg6 1-0

[Event "EU-ch 24th"]
[Site "Petrovac"]
[Date "2024.11.19"]
[Round "11"]
[White "Niedbala, Bartlomiej"]
[Black "Ioannidis, Evgenios"]
[Result "0-1"]
[WhiteElo "2389"]
[BlackElo "2497"]
[PlyCount "96"]
[EventDate "2024.11.08"]
[EventType "swiss"]
[EventRounds "11"]
[EventCountry "MNE"]
[SourceTitle "CB47_2024"]
[SourceDate "2024.11.20"]
[SourceVersion "1"]
[SourceVersionDate "2024.11.20"]
[SourceQuality "1"]

1. e4 c5 2. Nf3 e6 3. d4 cxd4 4. Nxd4 Nc6 5. Nc3 Nf6 6. Ndb5 d6 7. Bf4 e5 8. Bg5 a6 9. Na3 b5 10. Bxf6 gxf6 11. Nd5 Rb8 12. Bd3 Bg7 13. 0-0 0-0 14. Qh5 Qd7 15. f4 Ne7 16. fxe5 fxe5 17. Nf6+ Bxf6 18. Rxf6 Ng6 19. Raf1 Qa7+ 20. Kh1 Be6 21. Nb1 Kh8 22. Nc3 Rg8 23. Nd5 Rg7 24. g3 Qb7 25. Ne3 Ne7 26. b3 Qa7 27. Qe2 Qd4 28. Qf2 Rd8 29. Nd1 Qxf2 30. R6xf2 d5 31. exd5 Nxd5 32. Be4 Rg4 33. Bf5 Bxf5 34. Rxf5 f6 35. Re1 Rd4 36. Rf2 Kg7 37. Kg1 Kg6 38. Rfe2 Nb4 39. Ne3 Nxa2 40. Ra1 Nc3 41. Ree1 R8d6 42. Rf1 Rc6 43. Nf5 Rd7 44. Rae1 Kf7 45. Nh6+ Ke6 46. Nf5 Rd2 47. Ne3 Ne2+ 48. Kh1 Rc3 0-1

[Event "EU-ch 24th"]
[Site "Petrovac"]
[Date "2024.11.09"]
[Round "2"]
[White "Fedoseev, Vladimir1"]
[Black "Ioannidis, Evgenios"]
[Result "1-0"]
[WhiteElo "2712"]
[BlackElo "2497"]
[PlyCount "185"]
[EventDate "2024.11.08"]
[EventType "swiss"]
[EventRounds "11"]
[EventCountry "MNE"]
[SourceTitle "CB47_2024"]
[SourceDate "2024.11.20"]
[SourceVersion "1"]
[SourceVersionDate "2024.11.20"]
[SourceQuality "1"]

1. d4 Nf6 2. c4 e6 3. Nc3 Bb4 4. Qc2 d5 5. a3 Bxc3+ 6. Qxc3 0-0 7. Nf3 dxc4 8. Qxc4 b6 9. h4 Ba6 10. Qa4 Qd7 11. Qxd7 Nbxd7 12. Ne5 c5 13. Nxd7 Nxd7 14. Be3 Rac8 15. Rd1 Rfd8 16. Rh3 cxd4 17. Bxd4 e5 18. Bc3 f6 19. Bb4 Bb5 20. g4 a5 21. Bd2 Nc5 22. Bg2 Rd4 23. Be3 Rxg4 24. Rg3 Rxh4 25. Rd6 Ne4 26. Rxb6 Be8 27. Rh3 Rg4 28. Rh2 Ng5 29. Bd5+ Bf7 30. f3 Ra4 31. Bxf7+ Nxf7 32. Rg2 f5 33. Bd2 g6 34. Rh2 e4 35. f4 Rac4 36. Rh3 a4 37. Rc3 Rxc3 38. Bxc3 g5 39. fxg5 Nxg5 40. Rb7 Ne6 41. Rb5 Nc5 42. Bb4 Nb3 43. Rxf5 Rc2 44. Rf8+ Kg7 45. Re8 Rxb2 46. Rxe4 Kg6 47. Rg4+ Kf5 48. Rh4 Kg6 49. Kd1 Ra2 50. e3 h5 51. Rf4 Na1 52. Bc5 Nb3 53. Be7 Rd2+ 54. Ke1 Rd7 55. Bh4 Rd3 56. Kf2 Na1 57. Rxa4 Nc2 58. Ra6+ Kh7 59. Bg5 Rxa3 60. Rd6 h4 61. Rh6+ Kg7 62. Rxh4 Kg6 63. Bf4 Ra2 64. Kg3 Kf5 65. Rh5+ Ke4 66. Re5+ Kd3 67. Rd5+ Ke4 68. Rd8 Nxe3 69. Re8+ Kf5 70. Re5+ Kf6 71. Rxe3 Kf5 72. Re5+ Kf6 73. Kf3 Ra3+ 74. Kg4 Ra4 75. Rd5 Ra6 76. Rh5 Ra2 77. Rh6+ Ke7 78. Kf5 Kd7 79. Rd6+ Ke7 80. Rd5 Re2 81. Bg5+ Ke8 82. Kg6 Kf8 83. Rd6 Re1 84. Rd8+ Re8 85. Rd7 Re1 86. Bf6 Re2 87. Rh7 Ke8 88. Kf5 Re1 89. Be5 Kd8 90. Ke6 Kc8 91. Rc7+ Kd8 92. Rc3 Re2 93. Rh3 1-0

[Event "Berlin Radtke Memorial"]
[Site "Berlin"]
[Date "2024.10.25"]
[Round "7"]
[White "Ioannidis, Evgenios"]
[Black "Peng, Hongchi"]
[Result "1-0"]
[WhiteElo "2494"]
[BlackElo "2385"]
[PlyCount "63"]
[EventDate "2024.10.21"]
[EventType "swiss"]
[EventRounds "9"]
[EventCountry "GER"]
[SourceTitle "CB44_2024"]
[Source "Chessbase"]
[SourceDate "2024.10.30"]
[SourceVersion "1"]
[SourceVersionDate "2024.10.30"]
[SourceQuality "1"]

1. d4 Nf6 2. c4 e6 3. Nf3 b6 4. g3 Bb7 5. Bg2 Bb4+ 6. Bd2 Be7 7. Nc3 0-0 8. 0-0 d5 9. cxd5 Nxd5 10. Nxd5 exd5 11. Rc1 Nd7 12. Qc2 c5 13. dxc5 bxc5 14. Rfd1 Rc8 15. Bh3 d4 16. Bf4 Re8 17. b4 g5 18. Qf5 gxf4 19. Qxd7 Bxf3 20. exf3 Rc7 21. Qg4+ Kh8 22. Qh5 Rg8 23. bxc5 fxg3 24. hxg3 Rg5 25. Qxf7 Bxc5 26. Qf4 Rgg7 27. Be6 d3 28. Rxc5 Rxc5 29. Rxd3 Qe8 30. Qf6 Rc1+ 31. Kg2 Rc6 32. Rd7 1-0

[Event "Berlin Radtke Memorial"]
[Site "Berlin"]
[Date "2024.10.24"]
[Round "5"]
[White "Ioannidis, Evgenios"]
[Black "Nemitz, Alfred"]
[Result "1-0"]
[WhiteElo "2494"]
[BlackElo "2206"]
[PlyCount "85"]
[EventDate "2024.10.21"]
[EventType "swiss"]
[EventRounds "9"]
[EventCountry "GER"]
[SourceTitle "CB44_2024"]
[Source "Chessbase"]
[SourceDate "2024.10.30"]
[SourceVersion "1"]
[SourceVersionDate "2024.10.30"]
[SourceQuality "1"]

1. d4 Nf6 2. c4 e6 3. Nf3 Bb4+ 4. Nbd2 b6 5. a3 Bxd2+ 6. Nxd2 Bb7 7. e3 0-0 8. Bd3 d5 9. 0-0 c5 10. dxc5 bxc5 11. b3 e5 12. Bb2 d4 13. exd4 e4 14. Bb1 cxd4 15. b4 Nc6 16. Nxe4 Nxe4 17. Bxe4 Qg5 18. b5 Na5 19. Bxb7 Nxb7 20. Qxd4 Rad8 21. Qe3 Qxe3 22. fxe3 Na5 23. Bd4 Nxc4 24. Bxa7 Rd7 25. Bc5 Rc8 26. Bd4 Na5 27. Rfc1 Rb8 28. Rab1 f6 29. b6 Kf7 30. a4 Ke6 31. Rb5 Ra8 32. Bc3 Nc4 33. Bb4 Ne5 34. a5 Rb7 35. Rc3 g5 36. Rbc5 Rd8 37. Rc7 Rbb8 38. Rc1 Rd3 39. e4 f5 40. exf5+ Kxf5 41. b7 Rb3 42. a6 Rxb4 43. a7 1-0

[Event "Julius Baer GenCup Pl/In"]
[Site "Chess.com INT"]
[Date "2024.09.25"]
[Round "9"]
[White "Ioannidis, Evgenios"]
[Black "Kuzubov, Yuriy"]
[Result "0-1"]
[WhiteElo "2499"]
[BlackElo "2609"]
[PlyCount "106"]
[EventDate "2024.09.25"]
[EventType "swiss (rapid)"]
[EventRounds "9"]
[EventCountry "GER"]
[SourceTitle "EXT 2025"]
[Source "ChessBase"]
[SourceDate "2024.10.14"]
[SourceVersion "1"]
[SourceVersionDate "2024.10.14"]
[SourceQuality "1"]

1. Nf3 d5 2. c4 d4 3. b4 g5 4. g3 g4 5. Nh4 e5 6. Bg2 Be7 7. 0-0 Bxh4 8. gxh4 Ne7 9. e3 Ng6 10. exd4 Nxh4 11. d5 Bf5 12. Bb2 Nd7 13. Re1 0-0 14. d4 e4 15. Nd2 Nf6 16. Nf1 b5 17. Qd2 Bg6 18. d6 Nh5 19. d5 Nxg2 20. Kxg2 Qxd6 21. c5 Qxd5 22. Qxd5 Nf4+ 23. Kg3 Nxd5 24. a3 f5 25. Rad1 Rad8 26. Rd2 c6 27. Red1 h5 28. Kh4 f4 29. Rd4 Rfe8 30. Kg5 Kf7 31. Rxd5 Rxd5+ 32. Rxd5 cxd5 33. Kxf4 Ke6 34. Ne3 Rf8+ 35. Kg3 Rf3+ 36. Kg2 Be8 37. Bd4 Bd7 38. Kg1 a6 39. Kg2 Bc6 40. Kg1 Rf4 41. Ng2 Rf8 42. Kf1 Kd7 43. Kg1 Ra8 44. Nf4 a5 45. Nxh5 axb4 46. axb4 Ra4 47. Bc3 d4 48. Bxd4 Rxb4 49. Be3 Rc4 50. Nf6+ Ke6 51. Nxg4 b4 52. Bf4 b3 53. Ne5 b2 0-1

[Event "Bratislava exe op 2nd"]
[Site "Bratislava"]
[Date "2024.09.21"]
[Round "8"]
[White "Ioannidis, Evgenios"]
[Black "Pechac, Jergus"]
[Result "1/2-1/2"]
[WhiteElo "2499"]
[BlackElo "2578"]
[PlyCount "61"]
[EventDate "2024.09.14"]
[EventType "swiss"]
[EventRounds "9"]
[EventCountry "SVK"]
[SourceTitle "EXT 2025"]
[Source "ChessBase"]
[SourceDate "2024.10.14"]
[SourceVersion "1"]
[SourceVersionDate "2024.10.14"]
[SourceQuality "1"]

1. c4 Nf6 2. Nf3 e6 3. g3 d5 4. Bg2 Be7 5. 0-0 0-0 6. b3 c5 7. cxd5 exd5 8. d4 Ne4 9. Bb2 Nc6 10. Nc3 Bf6 11. Na4 cxd4 12. Nxd4 Bd7 13. Rc1 Qe7 14. Nxc6 Bxc6 15. Bxf6 Qxf6 16. Nc5 Rfe8 17. Nxe4 dxe4 18. Qc2 Rad8 19. Rfd1 e3 20. fxe3 Qe5 21. e4 Rxd1+ 22. Rxd1 g6 23. e3 Bxe4 24. Bxe4 Qxe4 25. Qxe4 Rxe4 26. Rd7 Rb4 27. Kf2 a5 28. Kf3 Kf8 29. h4 a4 30. bxa4 Rxa4 31. Rxb7 1/2-1/2

[Event "Bratislava exe op 2nd"]
[Site "Bratislava"]
[Date "2024.09.20"]
[Round "7"]
[White "Ioannidis, Evgenios"]
[Black "Suder, Jakub"]
[Result "1-0"]
[WhiteElo "2499"]
[BlackElo "2326"]
[PlyCount "59"]
[EventDate "2024.09.14"]
[EventType "swiss"]
[EventRounds "9"]
[EventCountry "SVK"]
[SourceTitle "EXT 2025"]
[Source "ChessBase"]
[SourceDate "2024.10.14"]
[SourceVersion "1"]
[SourceVersionDate "2024.10.14"]
[SourceQuality "1"]

1. d4 d5 2. c4 e6 3. Nc3 Nf6 4. cxd5 exd5 5. Bg5 c6 6. e3 h6 7. Bh4 Bd6 8. Nf3 Bf5 9. Bd3 Bxd3 10. Qxd3 Nbd7 11. 0-0-0 Be7 12. Rhg1 Nb6 13. Nd2 Nfd7 14. Bg3 Bh4 15. e4 0-0 16. e5 c5 17. f4 Bxg3 18. hxg3 Qe7 19. Nf3 Rac8 20. Kb1 c4 21. Qc2 f5 22. Nh4 Qf7 23. g4 fxg4 24. f5 Qh5 25. Ng6 Rfe8 26. Rdf1 Qg5 27. Rh1 a6 28. Nf4 Nxe5 29. dxe5 Rxe5 30. f6 1-0

[Event "Bratislava exe op 2nd"]
[Site "Bratislava"]
[Date "2024.09.17"]
[Round "4"]
[White "Sokhor, Nazar"]
[Black "Ioannidis, Evgenios"]
[Result "0-1"]
[WhiteElo "2090"]
[BlackElo "2499"]
[PlyCount "94"]
[EventDate "2024.09.14"]
[EventType "swiss"]
[EventRounds "9"]
[EventCountry "SVK"]
[SourceTitle "EXT 2025"]
[Source "ChessBase"]
[SourceDate "2024.10.14"]
[SourceVersion "1"]
[SourceVersionDate "2024.10.14"]
[SourceQuality "1"]

1. d4 d5 2. Nf3 Nf6 3. Bf4 c5 4. e3 Nc6 5. c3 Qb6 6. Qb3 c4 7. Qc2 Bf5 8. Qc1 Nh5 9. Bg5 h6 10. Bh4 g5 11. Bg3 Bg7 12. Be2 Nxg3 13. hxg3 0-0 14. Nbd2 Qc7 15. 0-0 a6 16. Re1 Bg6 17. Bd1 f5 18. Bc2 e6 19. b4 g4 20. Nh2 h5 21. a4 b6 22. Nhf1 e5 23. Qb1 e4 24. b5 axb5 25. Qxb5 Ra5 26. Qb2 Rfa8 27. Reb1 R8a6 28. Qc1 Qa7 29. Ra2 Bf8 30. f3 b5 31. fxe4 fxe4 32. Bd1 bxa4 33. Be2 a3 34. Nh2 Rb6 35. Rba1 Qb8 36. Bxc4 dxc4 37. Nxc4 Bf7 38. Nxb6 Qxb6 39. Rf2 Bc4 40. Rf6 Be7 41. Rf4 a2 42. Nxg4 hxg4 43. Qd1 Qb2 44. d5 Rxd5 45. Rxg4+ Kh7 46. Qe1 Be2 47. Rxe4 Qxa1 0-1

[Event "Kalamaria op-A 17th"]
[Site "Kalamaria"]
[Date "2024.09.03"]
[Round "5"]
[White "Ioannidis, Evgenios"]
[Black "Vardakas, Grigorios"]
[Result "1-0"]
[WhiteElo "2505"]
[BlackElo "2078"]
[PlyCount "53"]
[EventDate "2024.08.31"]
[EventType "swiss"]
[EventRounds "9"]
[EventCountry "GRE"]
[SourceTitle "EXT 2025"]
[Source "ChessBase"]
[SourceDate "2024.10.14"]
[SourceVersion "1"]
[SourceVersionDate "2024.10.14"]
[SourceQuality "1"]

1. c4 e5 2. g3 c6 3. Nf3 d6 4. Nc3 f5 5. Bg2 Nf6 6. 0-0 Nbd7 7. b4 Be7 8. b5 cxb5 9. cxb5 h6 10. d3 g5 11. a4 d5 12. e4 d4 13. Nd5 Nxd5 14. exd5 0-0 15. Re1 Bf6 16. Ba3 Re8 17. Ra2 g4 18. Nd2 Nb6 19. Qb3 a5 20. bxa6 Rxa6 21. a5 Nd7 22. Nc4 Nf8 23. Rae2 Ng6 24. d6 Kh8 25. Bxb7 Bxb7 26. Qxb7 Ra8 27. d7 1-0

[Event "Kalamaria op-A 17th"]
[Site "Kalamaria"]
[Date "2024.09.02"]
[Round "4"]
[White "Tsaknakis, Zisis"]
[Black "Ioannidis, Evgenios"]
[Result "1/2-1/2"]
[WhiteElo "2305"]
[BlackElo "2505"]
[PlyCount "43"]
[EventDate "2024.08.31"]
[EventType "swiss"]
[EventRounds "9"]
[EventCountry "GRE"]
[SourceTitle "EXT 2025"]
[Source "ChessBase"]
[SourceDate "2024.10.14"]
[SourceVersion "1"]
[SourceVersionDate "2024.10.14"]
[SourceQuality "1"]

1. e4 e5 2. Nf3 Nc6 3. Bb5 a6 4. Ba4 Nf6 5. 0-0 b5 6. Bb3 Bb7 7. d3 Bc5 8. a4 0-0 9. Nc3 b4 10. Nd5 Na5 11. Bg5 Nxb3 12. Bxf6 gxf6 13. cxb3 Bxd5 14. exd5 d6 15. d4 exd4 16. Ne1 f5 17. Nd3 a5 18. Qf3 Qf6 19. Rae1 Rfe8 20. Re2 Kf8 21. Rfe1 Qg5 22. g3 1/2-1/2